000 00607nam a22002177a 4500
003 UA-OsUOA
001 43412
007 ta
008 20090625b un ||||| |||| 00| 0 ukr d
090 _a061
_bВ55
942 _cBR
040 _aUA-OsUOA
_bukr
_cUA-OsUOA
_dUA-OsUOA
245 _aВідзначення 10 роковин відновлення незалежности України
955 _a4
041 _aukr
080 _a061
260 _aВорен
_c2001
246 3 1 _aСлава незалежній Україні!
650 7 _a0 Загальний відділ.
_2UDC
999 _c441886
_d441886